00862 a2200145 4500003000500000005001700005040000900022082001200031100001700043245007600060260004400136300001200180505048400192650004000676Nust20230314101009.0 cNust a368,WEL aJ. R. Welson aInsurance Organization and Management /cJ.B. Welson and F.H. Sherriff. aLondonbSir Issac and pitman sonsc1945 a302, p: aIntroductory (Page-1), Constitution of an Insurance Company (Page-4), The Office (Page-20), Office Systems (Page-37), Mechanization (Page-61), Office Organization (Page-88), Office Management (Page-102), Remuneration (Page-125), Officers of the Company (Page-139), Correspondence (Page-147), Branch Control and Audits (Page-168), Agency (Page-177), Secrtial matters (Page-191), The Life Departments (Page-219), The Fire Departments (Page-254), The Accident Department (Page-268). aInsurance orgnazation and mangament